| 000 | 00432nam a2200169Ia 4500 | ||
|---|---|---|---|
| 005 | 20250423101107.0 | ||
| 008 | 250422s9999 xx 000 0 und d | ||
| 020 | _a1-4129-0297-5 | ||
| 050 | _aLB 2335.4 .M67/ | ||
| 100 | _aMorss, Kate | ||
| 245 | 0 | _aTeaching at university : a guide for postgraduates and researchers | |
| 260 | _aNew Delhi | ||
| 260 | _bSAGE Publications | ||
| 260 | _c2005 | ||
| 300 | _a210 p | ||
| 942 | _cBK | ||
| 999 |
_c35264 _d35264 |
||